Robotmotion planning and control
| Main Author: | |
|---|---|
| Format: | Book |
| Published: |
Cambridge, Mass.
The MIT Press
1982
|
| Series: | The MIT Press series in artificial intelligence
|
| Subjects: |
MARC
| LEADER | 00000cam a2200000 7i4500 | ||
|---|---|---|---|
| 001 | 0000001214 | ||
| 008 | 021118n | ||
| 020 | |a 026202182X | ||
| 090 | 0 | 0 | |a TJ211 |b .R54 1982 |
| 245 | 0 | 0 | |a Robotmotion |b planning and control |c edited by Michael Brady ... [et al.] |
| 260 | 2 | |a Cambridge, Mass. |b The MIT Press |c 1982 | |
| 300 | |a xv, 585 p. ; |c 24 cm. | ||
| 440 | 0 | 4 | |a The MIT Press series in artificial intelligence |
| 650 | 0 | |a Automata | |
| 650 | 0 | |a Manipulators (Mechanism) | |
| 700 | 0 | |a Brady, Michael |d 1945- |e author | |
| 999 | |a 1000039390 |b Book |c OPEN SHELF (30 DAYS) |e Gong Badak Campus | ||